000 01816cas a2200337 i 4500
001 000037552
003 DO-SdBNP
005 20260213145111.0
007 ta
008 120425c2001 dr qn1p|rd || |0spa d
022 _a1681-1577
040 _aDO-SdBNP
_bspa
_cBNPHU
_erda
041 _hspa
043 _anwdr
110 _aEditorial Umbrales
_989009
245 0 0 _aArtes en Santo Domingo :
_brevista especializada en Arte Caribeño /
_cEditorial Umbrales.
264 _aSanto Domingo, República Dominicana :
_bEditorial Umbrales,
_c2001.
300 _avolumen :
_bilustraciones, fotografías, pinturas ;
_c29 cm.
310 _aTrimestral.
336 _atexto
_btxt
_2rdaconrtent
337 _asin mediación
_bn
_2rdamedia
338 _avolumen
_bnc
_2rdacarrier
362 1 _aAño 1. no. 1 (octubre, 2001).
500 _aCatalogación basada en: Año 1. no. 1 (octubre, 2001).
500 _aArtes en Santo Domingo es una revista especializada en las artes del Caribe insular y del Caribe Continental.
520 _aDesde hace aproximadamente cinco décadas el universo cultural relacionado con las artes visuales viene experimentado grandes transformaciones que van desde una renovación de los lenguajes plásticos y pensamiento estético hasta una revalorización de los soportes de la propia industria que sostiene las líneas de promoción cultural, investigación, exhibición, conservación y mercadeo de los objetos creados por artistas de muy variadas culturas, estilos, técnicas y conceptos estéticos.
650 0 _aArtes
_9650
_vPublicaciones periódicas
_zRepública Dominicana
650 0 _aPromoción cultural
_989010
_vPublicaciones periódicas
_zRepública Dominicana
650 0 _aExposiciones
_984599
_vPublicaciones periódicas
_zRepública Dominicana
942 _2ddc
_cISSUE
999 _c37042
_d37042